00498nam a2200157Ia 4500008004100000082001500041100002100056245004000077260004000117300001000157630001800167650001800185942000900203952011300212999001500325211109s9999||||xx |||||||||||||| ||und|| a536bMAX-T aMaxwell, J Clerk 0aTheory Of Heat Ed By Lord Ray Leigh bLongmans Green and CoaBombayc1921 a348p. xGeneral Stack aHEATxPhysics cBOOK 00104070aSBCLbSBCLc2d2021-11-09g100.00l0o536 MAX-Tp00004779r2021-11-09 00:00:00w2021-11-09yBOOK c4330d4330